000
00222nam a22000857a 4500
008
170527b xxu||||| |||| 00| 0 eng d
100
_9
3163
_a
Aggarwal
245
_a
English Grammar and Composition
260
_a
New delhi
_b
GBP
_c
2010
999
_c
6465
_d
6465